Datum a čas kvízu
17.5
Celkem bodů
Celkový počet nahraných bodů na tomto kvízu bez doplňovacích otázek.
7.
Pořadí na kvízu
Konečné umístění týmu na tomto kvízu.
Zaznamenané odpovědi
| # | Otázka | Odpověď | Body | Výsledky |
|---|---|---|---|---|
| 1. | Ve středu se uskutečnilo letoš... | Jablonec nad Nisou | 0 | |
| 2. | Po ulicích jednoho středoslove... | Liptovský Mikuláš | 1 | |
| 3. | 14. března vstoupil do českých... | Monty Python a Svatý Grál | 0 | |
| 4. | Některé provozovny jistého řet... | McDonald's | 1 | |
| 5. | Pokolikáté zvítězil fenomenáln... | popáté (4 a 6 za půl bodu) | 0.5 | |
| 6. | Téma začneme v Evropě. Seřaďte... | 1C 2B 3D 4A | 0 | |
| 7. | Vůdcem Kuby byl několik deseti... | Raúl | 0 | |
| 8. | Jak se jmenuje tento živočich... | fosa | 1 | |
| 9. | Jak se jmenuje nejlidnatější s... | Indonésie, Jakarta | 0 | |
| 10. | Jak se jmenuje ostrovní stát,... | Vanuatu | 0 |